Welcome to WEB OPAC of MRSPTU Central Library

Basic Electrical Engineering (Record no. 2386)

MARC details
000 -LEADER
fixed length control field 00448nam a2200169Ia 4500
008 - FIXED-LENGTH DATA ELEMENTS--GENERAL INFORMATION
fixed length control field 230711s9999||||xx |||||||||||||| ||und||
020 ## - INTERNATIONAL STANDARD BOOK NUMBER
International Standard Book Number 978-0-07-059357-2
041 ## - LANGUAGE CODE
Language code of text/sound track or separate title ENG
082 ## - DEWEY DECIMAL CLASSIFICATION NUMBER
Classification number 621
Item number MI-E
100 ## - MAIN ENTRY--PERSONAL NAME
Personal name Mittle,V.N
245 #0 - TITLE STATEMENT
Title Basic Electrical Engineering
250 ## - EDITION STATEMENT
Edition statement 2nd Ed.
260 ## - PUBLICATION, DISTRIBUTION, ETC.
Date of publication, distribution, etc. 2016
Place of publication, distribution, etc. New Delhi
Name of publisher, distributor, etc. McGraw Hill Education(India) Private Limited
650 ## - SUBJECT ADDED ENTRY--TOPICAL TERM
Topical term or geographic name entry element Electrical Engineering
700 ## - ADDED ENTRY--PERSONAL NAME
Personal name Mittal,Arvind
942 ## - ADDED ENTRY ELEMENTS (KOHA)
Koha item type Book
Holdings
Withdrawn status Lost status Damaged status Not for loan Collection Home library Current library Date acquired Total checkouts Full call number Barcode Date last seen Price effective from Koha item type Cost, normal purchase price Inventory number Date last checked out
          MRSPTU Central Library MRSPTU Central Library     621 MI-E 9462 08/17/2023 08/17/2023 Book      
          MRSPTU Central Library MRSPTU Central Library     621.3 12283 08/17/2023 08/17/2023 Book      
          MRSPTU Central Library MRSPTU Central Library     621.3 MI-E 35040 08/17/2023 08/17/2023 Book 565.00 KBD/2016-2017/961042808  
          MRSPTU Central Library MRSPTU Central Library     621.3 MI-E 35041 08/17/2023 08/17/2023 Book 565.00 KBD/2016-2017/961042808  
          MRSPTU Central Library MRSPTU Central Library   2 621.3 MI-E 35042 05/16/2024 08/17/2023 Book 565.00 KBD/2016-2017/961042808 02/21/2024
          MRSPTU Central Library MRSPTU Central Library   2 621.3 MI-E 35043 09/26/2025 08/17/2023 Book 565.00 KBD/2016-2017/961042808 09/15/2025
          MRSPTU Central Library MRSPTU Central Library   3 621.3 MI-E 35044 05/16/2024 08/17/2023 Book 565.00 KBD/2016-2017/961042808 02/21/2024

Website Designed and Developed by MRSPTU Central Library Team

E-mail Id: librarian@mrsptu.ac.in